Szczegóły MARC21

Traktat ustanawiający Wspólnotę Europejską : tekst skonsolidowany (uwzględniający zmiany wprowadzone Traktatem z Nicei) ; Traktat o Unii Europejskiej : tekst skonsolidowany (uwzględniający zmiany wprowadzone Traktatem z Nicei).

003 -Nazwa inst., której nr kontr. jest w polu 001 [,]
    • @
    • Nazwa instytucji, której n kontrolny jest w polu 001
    • NUKAT
005 -DATA I CZAS OSTATNIEJ MODYFIKACJI [,]
    • @
    • pole kontrolne
    • 20250710202445.0
020 -Międzynarod. znormalizowany nr książki - ISBN [ , ]
    • a
    • Numer ISBN
    • 8389218682 Find
040 -Instytucja sporządzająca opis [ , ]
    • a
    • Instytucja, która sporządziła opis (NP)
    • LUBL M/AS
    • c
    • Instytucja, która sporządziła rekord (NP)
    • LUBL M/AS
    • d
    • Instytucja, która zmodyfikowała rekord (P)
    • LUBL M/ASs
    • d
    • Instytucja, która zmodyfikowała rekord (P)
    • LUBL M/IK
    • d
    • Instytucja, która zmodyfikowała rekord (P)
    • WR O/KKs
    • d
    • Instytucja, która zmodyfikowała rekord (P)
    • GL 001/JK
942 -Rodzaj dokumentu [ , ]
    • c
    • Rodzaj dokumentu
    • Książka
245 -Strefa tytułu i oznaczenia odpowiedzialności [0,0]
    • a
    • Tytuł
    • Traktat ustanawiający Wspólnotę Europejską : Find
    • b
    • Ciąg dalszy tytułu (NP)
    • tekst skonsolidowany (uwzględniający zmiany wprowadzone Traktatem z Nicei) ; Traktat o Unii Europejskiej : tekst skonsolidowany (uwzględniający zmiany wprowadzone Traktatem z Nicei). Find
260 -Strefa adresu wydawniczego [ , ]
    • a
    • Miejsce wydania (P)
    • Warszawa :
    • b
    • Nazwa wydawcy (P)
    • Urząd Komitetu Integracji Europejskiej,
    • c
    • Data wydania (P)
    • 2003.
300 -Strefa opisu fizycznego [ , ]
    • a
    • Określenie formy książki i/lub objętość (NP)
    • 175, [1] s. ;
    • c
    • Format (NP)
    • 21 cm.
336 -Typ zawartości [ , ]
    • a
    • Termin opisujący typ zawartości
    • Tekst
    • b
    • Kod określający zawartość
    • txt
    • 2
    • Źródło (terminu i kodu)
    • rdacontent
337 -Typ mediów [ , ]
    • a
    • Tryb odtwarzania
    • Bez urządzenia pośredniczącego
    • b
    • Kod typu mediów
    • n
    • 2
    • Źródło (terminu i kodu)
    • rdamedia
338 -Typ/rodzaj nośnika [ , ]
    • a
    • Hasło opisujące typ nośnika
    • Wolumin
    • b
    • Kod typu nośnika
    • nc
    • 2
    • Źródło (terminu i kodu)
    • rdacarrier
080 -Uniwersalna Klasyfikacja Dziesiętna [ , ]
    • a
    • Symbol klasyfikacji
    • 341.24:[339.923:061.1UE(4-67)
650 -Hasło przedmiotowe [ ,7]
    • a
    • Hasło przedmiotowe
    • Traktaty Rzymskie (1957).
    • 2
    • Źródło terminu
    • kaba
    • 9
    • KHW
    • 133717
650 -Hasło przedmiotowe [ ,7]
    • a
    • Hasło przedmiotowe
    • Traktat o Unii Europejskiej (1992).
    • 2
    • Źródło terminu
    • kaba
    • 9
    • KHW
    • 133709
650 -Hasło przedmiotowe [ ,7]
    • a
    • Hasło przedmiotowe
    • Prawo europejskie
    • x
    • Określnik rzeczowy
    • traktaty.
    • 2
    • Źródło terminu
    • kaba
    • 9
    • KHW
    • 372049
650 -Hasło przedmiotowe [ ,7]
    • a
    • Hasło przedmiotowe
    • Traktat nicejski (2001).
    • 2
    • Źródło terminu
    • kaba
    • 9
    • KHW
    • 146604
980 -Symbol UKD [ , ]
    • a
    • UKD
    • 341.24:[339.923:061.1UE](4-67)
710 -Hasło dodatkowe - nazwa ciała zbiorowego [1, ]
    • a
    • Nazwa ciała zbiorowego lub nazwa geograficzna jako pierwszy element (NP)
    • Polska.
    • b
    • Nazwa jednostki podrzędnej (P)
    • Urząd Komitetu Integracji Europejskiej.
    • 4
    • Kod relacji
    • pbl
    • 9
    • KHW
    • 21344
740 -Hasło dodatkowe - tytuł [0,2]
    • a
    • Tytuł
    • Traktat o Unii Europejskiej
920 -ISBN [ , ]
    • a
    • ISBN
    • 83-89218-68-2 Find
Sygnatura Numer inwentarzowy Status udost. Data inwentaryzacji Lokalizacja
 S.91205-22004-05-18BE
 CDE.125412004-03-18BG
VIII.6Inf.7322004-11-04BG
 H.1343712004-11-04BNS
SA.13040SA.1304012004-07-27BSA